Detalles MARC
| 000 -LIDER |
| fixed length control field |
01570nam a2200361 a 4500 |
| 001 - NÚMERO DE CONTROL |
| Identificador de número de control |
000038917 |
| 003 - IDENTIFICACDOR DE NÚMERO DE CONTROL |
| control field |
DO-SdBNP |
| 005 - DATE AND TIME OF LATEST TRANSACTION |
| control field |
20160330102147.0 |
| 007 - CAMPOS FIJOS DE DESCRIPCIÓN FÍSICA |
| fixed length control field |
000038917 |
| 008 - ELEMENTOS DE LONGITUD FIJA |
| fixed length control field |
150130s2012 dr acd 000 0 spa d |
| 020 ## - ISBN |
| International Standard Book Number |
9789945173819 |
| 040 ## - FUENTE DE CATALOGACIÓN |
| Agencia que crea de manera original el registro |
BPMSU |
| Idioma de catalogación |
spa |
| Agencia que realiza la transcripción |
BPMSU |
| 092 ## - LOCALLY ASSIGNED DEWEY DECIMAL CALL NUMBER |
| Número de clasificación |
372.83 |
| Número de ítem (Cutter) |
C569s, 7mo |
| 245 00 - MENCIÓN DE TITULO |
| Título |
Ciencias sociales : |
| Subtítulo |
educación básica / |
| Mención de responsabilidad |
dirección editorial Doris Arroba Jácome; coordinacion editorial Anna Rogero Soler |
| 260 ## - PUBLICACIÓN, DISTRIBUCIÓN, ETC. (PIE DE IMPRENTA) |
| Lugar de publicación, distribución, etc |
Santo Domingo : |
| Nombre del editor, distribuidor, etc. |
SM, |
| Fecha de publicación, distribución, etc |
2012. |
| 300 ## - DESCRIPCIÓN FÍSICA |
| Extensión |
191 p. : |
| Otros detalles físicos |
il., retrs., mapas ; |
| Dimensiones |
29 cm. |
| 490 1# - MENCIÓN DE SERIES |
| Mención de serie |
Proyecto Sé |
| 505 0# - NOTA DE CONTENIDO |
| Título |
La etapa colonial -- |
| -- |
La isla a principios del siglo XIX -- |
| -- |
De la ocupación haitiana a la independencia -- |
| -- |
La primera República -- |
| -- |
Restauración de la República -- |
| -- |
Liberalismo y dictadura -- |
| -- |
Movimientos anticoloniales en las Antillas -- |
| -- |
Economía y sociedad en el siglo XIX -- |
| -- |
Modernización a fines del siglo XIX -- |
| -- |
Pensamiento y cultura -- |
| -- |
Cronología -- |
| 650 ## - ENCABEZAMIENTO DE MATERIA--TEMÁTICO |
| Término temático o nombre geográfico como elemento de entrada |
CIENCIAS SOCIALES |
| Subdivisión temática general |
ENSEÑANZA ELEMENTAL |
| 650 #4 - ENCABEZAMIENTO DE MATERIA--TEMÁTICO |
| Término temático o nombre geográfico como elemento de entrada |
EDUCACIÓN PRIMARIA |
| 650 #4 - ENCABEZAMIENTO DE MATERIA--TEMÁTICO |
| Término temático o nombre geográfico como elemento de entrada |
CIENCIAS SOCIALES |
| Subdivisión temática general |
ESTUDIO Y EJERCICIOS |
| 700 12 - ASIENTO SECUNDARIO -- NOMBRE PERSONAL |
| Nombre personal |
Arroba Jácome, Doris, |
| Mención de responsabilidad |
ed. |
| 700 ## - ASIENTO SECUNDARIO -- NOMBRE PERSONAL |
| Nombre personal |
Anna Rogero Soler, |
| Mención de responsabilidad |
coordinadora editorial. |
| 700 ## - ASIENTO SECUNDARIO -- NOMBRE PERSONAL |
| Término de relación |
León, Katy |
| 700 ## - ASIENTO SECUNDARIO -- NOMBRE PERSONAL |
| Término de relación |
Chaves, Verónica |
| Nombre personal |
il. |
| 710 2# - ASIENTO SECUNDARIO -- NOMBRE CORPORATIVO |
| Nombre corporativo o de jurisdicción |
SM Dominicana |
| 830 #0 - ASIENTO SECUNDARIO DE SERIE--TÍTULO UNIFORME |
| Título uniforme |
Proyecto Sé |
| 910 ## - VALIDACIÓN |
| Validación |
Validado. Control de validad MFF |
| 930 #1 - EQUIVALENCE OR CROSS-REFERENCE-UNIFORM TITLE HEADING [LOCAL, CANADA] |
| Language of a work |
BND01 |
| Medium of performance for music |
LF1 |
| Field link and sequence number |
20130506 |
| Date of a work |
01 |
| Name of part/section of a work |
HD |
| Miscellaneous information |
36709 |
| 942 ## - ADDED ENTRY ELEMENTS (KOHA) |
| Source of classification or shelving scheme |
Dewey Decimal Classification |
| Koha item type |
Libros |
| 956 ## - LOCAL ELECTRONIC LOCATION AND ACCESS (OCLC) |
| Nombre de host |
YLOCKWARD |
| Número de acceso |
10 |
| Información de compresión |
20150603 |
| Inicio de sesión |
BND01 |
| Procesador de solicitud |
1156 |
| 956 ## - LOCAL ELECTRONIC LOCATION AND ACCESS (OCLC) |
| Nombre de host |
VMATEO |
| Número de acceso |
10 |
| Información de compresión |
20150605 |
| Inicio de sesión |
BMET02 |
| Procesador de solicitud |
00151 |